[Event "FRA-chT4 0809"]
[Site "France "]
[Date "2009.02.08"]
[Round "5"]
[White "Join, Etienne"]
[Black "Artis, Francois"]
[Result "1-0"]
[WhiteElo "1780"]
[BlackElo "1750"]
[PlyCount "64"]
[EventDate "2008.10.??"]
[EventType "team-tourn"]
[EventRounds "9"]
[EventCountry "FRA"]
[SourceTitle "EXT 2010"]
[Source "ChessBase"]
[SourceDate "2010.11.25"]
[SourceVersion "1"]
[SourceVersionDate "2010.11.25"]
[SourceQuality "1"]

1. e4 c6 2. d4 d5 3. e5 Bf5 4. Bd3 Bxd3 5. Qxd3 e6 6. Ne2 Nd7 7. 0-0 Rc8 8. c3 Ne7 9. Nd2 Nf5 10. Ng3 g6 11. Nb3 b6 12. Nxf5 gxf5 13. Qg3 h5 14. h4 Rh7 15. Bg5 Be7 16. f4 Nf8 17. Qe3 Ng6 18. g3 Qc7 19. Nd2 Bxg5 20. fxg5 Ke7 21. c4 Qd7 22. Rac1 f4 23. Qd3 Rg7 24. Kh2 Ke8 25. Kh3 fxg3 26. Qxg3 Ne7 27. Qf3 Rh7 28. Nb3 Nf5 29. cxd5 cxd5 30. Rc3 Rc4 31. Rfc1 b5 32. Qd3 Rxc3 1-0